Anathema - Twenty One Pilots Lyrics - Statistics

General Stats
  • This quiz has been taken 6 times
    2 since last reset
  • The average score is 5 of 297
Answer Stats
Lyrics % Correct
Verse 1 You
100%
behind
50%
know
50%
my
50%
never
50%
what's
50%
will
50%
you
50%
a
0%
a
0%
a
0%
afraid
0%
Am
0%
an
0%
Verse 5 And
0%
Verse 6 And
0%
and
0%
And
0%
and
0%
And
0%
and
0%
another
0%
asleep
0%
be
0%
bed
0%
begin
0%
believe
0%
but
0%
but
0%
by
0%
calling
0%
can
0%
can
0%
can
0%
can
0%
can
0%
can
0%
caught
0%
cause
0%
cause
0%
dark
0%
day
0%
days
0%
Don't
0%
dreams?
0%
dreams?
0%
else's
0%
else's
0%
else's
0%
else's
0%
else's
0%
else's
0%
else's
0%
empty
0%
Empty
0%
Empty
0%
enough
0%
enough
0%
enough
0%
falling
0%
farther
0%
father
0%
fears
0%
forget
0%
free
0%
from
0%
from
0%
from
0%
getting
0%
go
0%
go
0%
go
0%
go
0%
go
0%
go
0%
goodbye
0%
goodbye?
0%
goodbye?
0%
goodbye?
0%
goodbye?
0%
goodbye?
0%
goodnight,
0%
goodnight,
0%
goodnight,
0%
goodnight,
0%
goodnight,
0%
goodnight,
0%
hair
0%
half
0%
half
0%
halves
0%
harder,
0%
Haven't
0%
Chorus Haven't
0%
Haven't
0%
head?
0%
head?
0%
head
0%
heart
0%
heart
0%
heart's
0%
heart's
0%
I
0%
I
0%
I
0%
I
0%
I
0%
I
0%
I
0%
Outro I
0%
I...
0%
I
0%
I
0%
I
0%
I
0%
I
0%
I'm
0%
I'm
0%
I'm
0%
I'm
0%
in
0%
in
0%
in
0%
In
0%
is
0%
is
0%
it
0%
it's
0%
know
0%
know
0%
know
0%
know
0%
know
0%
lead
0%
let
0%
me?
0%
me?
0%
me?
0%
me
0%
me,
0%
multiply
0%
my
0%
my
0%
my
0%
my
0%
my
0%
my
0%
My
0%
my
0%
my
0%
my
0%
never
0%
never
0%
never
0%
never
0%
never
0%
no
0%
no
0%
of
0%
of
0%
of
0%
of
0%
on
0%
one
0%
other
0%
part
0%
pillowcase
0%
place
0%
rests
0%
said
0%
say
0%
say
0%
say
0%
say
0%
say
0%
say
0%
say
0%
say
0%
say
0%
say
0%
say
0%
say
0%
screamin'
0%
seems
0%
should
0%
simple
0%
skin
0%
skull
0%
sky?
0%
sky,
0%
sky,
0%
sleep?
0%
sleep?
0%
sleep?
0%
So
0%
so
0%
So
0%
so
0%
So
0%
so
0%
So
0%
so
0%
So
0%
so
0%
So
0%
so
0%
someone
0%
someone
0%
someone
0%
someone
0%
someone
0%
someone
0%
someone
0%
start
0%
taken
0%
taken
0%
taken
0%
Taking
0%
tears
0%
that
0%
That
0%
that
0%
that's
0%
That's
0%
the
0%
the
0%
the
0%
the
0%
these
0%
thinking
0%
time
0%
to
0%
to
0%
to
0%
to
0%
to
0%
to
0%
to
0%
to
0%
torture
0%
torture
0%
torture
0%
two
0%
under
0%
under
0%
understand
0%
underwater
0%
veins
0%
want
0%
war's
0%
way,
0%
way
0%
what
0%
what
0%
what
0%
what's
0%
what's
0%
where
0%
where
0%
will
0%
will
0%
will
0%
will
0%
will
0%
won't
0%
won't
0%
won't
0%
won't
0%
Chorus Won't
0%
Won't
0%
Won't
0%
won't
0%
won't
0%
Won't
0%
Won't
0%
Won't
0%
Won't
0%
Verse 2 You
0%
you
0%
Verse 3 You
0%
you
0%
Verse 4 You
0%
you
0%
you
0%
you
0%
you
0%
you
0%
you
0%
you
0%
you
0%
you
0%
you
0%
you
0%
you
0%
you
0%
you
0%
you
0%
No matching quizzes found
Score Distribution
Percent of People with Each Score
Percentile by Number Answered
Your Score History
You have not taken this quiz since the last reset